LIBRARY & INFORMATION CENTRE, KCAET, TAVANUR

ONLINE PUBLIC ACCESS CATALOGUE (OPAC)

Role of Earthworms in Agriculture / (Record no. 1389)

MARC details
000 -LEADER
fixed length control field 00546cam a2200217ua 4500
041 ## - LANGUAGE CODE
Language code of text/sound track or separate title eng
082 ## - DEWEY DECIMAL CLASSIFICATION NUMBER
Classification number 630.57
Item number BHA/RO
100 ## - MAIN ENTRY--AUTHOR NAME
Personal name Bhat, T.N .
245 ## - TITLE STATEMENT
Title Role of Earthworms in Agriculture /
250 ## - EDITION STATEMENT
Edition statement /
260 ## - PUBLICATION, DISTRIBUTION, ETC. (IMPRINT)
Place of publication New Delhi :
Name of publisher Indian Council for Agricultural Research ,
Year of publication 1959.
300 ## - PHYSICAL DESCRIPTION
Number of Pages 35 ; .
700 1# - ADDED ENTRY--PERSONAL NAME
Personal name Khambata, S.R .
942 ## - ADDED ENTRY ELEMENTS (KOHA)
Koha item type Books
Holdings
Withdrawn status Lost status Damaged status Home library Current library Date acquired Full call number Accession Number Koha item type
      KAUAET KAUAET 07/04/2012 630.57 6095 Books
    Damaged KAUAET KAUAET 07/04/2012 630.57 6096 Books
      KAUAET KAUAET 07/04/2012 630.57 6094 Books
free website counter